Looking Eastward : (Record no. 391)
[ view plain ]
| 000 -LEADER | |
|---|---|
| campo de control de longitud fija | 01182cam a2200337 a 4500 |
| 001 - NÚMERO DE CONTROL | |
| campo de control | 9309650 |
| 005 - FECHA Y HORA DE LA ÚLTIMA TRANSACCIÓN | |
| campo de control | 20220326193308.0 |
| 008 - DATOS DE LONGITUD FIJA--INFORMACIÓN GENERAL | |
| campo de control de longitud fija | 120210s2011 it a c 000 0deng d |
| 020 ## - NÚMERO INTERNACIONAL ESTÁNDAR DEL LIBRO | |
| Número Internacional Estándar del Libro | 9788857212111 : |
| Condiciones de disponibilidad | 50.00 EUR |
| 035 ## - NÚMERO DE CONTROL DEL SISTEMA | |
| Número de control de sistema | (OCoLC)781902863 |
| 035 ## - NÚMERO DE CONTROL DEL SISTEMA | |
| Número de control de sistema | (OCoLC)ocn781902863 |
| 035 ## - NÚMERO DE CONTROL DEL SISTEMA | |
| Número de control de sistema | (ItFiC)it 1143094X |
| 035 ## - NÚMERO DE CONTROL DEL SISTEMA | |
| Número de control de sistema | (NNC)9309650 |
| 040 ## - FUENTE DE CATALOGACIÓN | |
| Centro catalogador/agencia de origen | ItFiC |
| Centro/agencia transcriptor | ItFiC |
| 041 0# - CÓDIGO DE IDIOMA | |
| Código de lengua del texto/banda sonora o título independiente | eng |
| -- | ita |
| -- | rus |
| 043 ## - CÓDIGO DE ÁREA GEOGRÁFICA | |
| Código de área geográfica | e-ur--- |
| 082 ## - NÚMERO DE LA CLASIFICACIÓN DECIMAL DEWEY | |
| Número de clasificación | 708 |
| Número de ítem | ST796I |
| 110 ## - ENTRADA PRINCIPAL--NOMBRE DE ENTIDAD CORPORATIVA | |
| Nombre de entidad corporativa o nombre de jurisdicción como elemento de entrada | Skira, Luciano Bennetton Collection |
| 9 (RLIN) | 1859 |
| 245 00 - MENCIÓN DEL TÍTULO | |
| Título | Looking Eastward : |
| Resto del título | contemporary artists from Russia, Ukraine, Moldavia, Armenia and Uzbekistan. |
| Mención de responsabilidad, etc. | Skira, Luciano Bennetton Collection |
| 260 ## - PUBLICACIÓN, DISTRIBUCIÓN, ETC. | |
| Lugar de publicación, distribución, etc. | Milano : |
| Nombre del editor, distribuidor, etc. | Skira, |
| Fecha de publicación, distribución, etc. | 2011. |
| 300 ## - DESCRIPCIÓN FÍSICA | |
| Extensión | 504 p. : |
| Otras características físicas | ill. (chiefly col.) ; |
| Dimensiones | 21 cm. |
| 546 ## - NOTA DE IDIOMA | |
| Nota de lengua/lenguaje | Text in English, Italian, and Russian. |
| 650 #0 - PUNTO DE ACCESO ADICIONAL DE MATERIA--TÉRMINO DE MATERIA | |
| Término de materia o nombre geográfico como elemento de entrada | Art |
| Subdivisión geográfica | Former Soviet republics |
| Subdivisión de forma | Catalogs. |
| 9 (RLIN) | 1860 |
| 650 #0 - PUNTO DE ACCESO ADICIONAL DE MATERIA--TÉRMINO DE MATERIA | |
| Término de materia o nombre geográfico como elemento de entrada | Art, East European |
| Subdivisión cronológica | 21st century |
| Subdivisión de forma | Catalogs. |
| 9 (RLIN) | 1861 |
| 710 ## - ENTRADA AGREGADA--NOMBRE DE ENTIDAD CORPORATIVA | |
| Nombre de entidad corporativa o nombre de jurisdicción como elemento de entrada | Skira, Luciano Bennetton Collection |
| 9 (RLIN) | 1862 |
| 856 42 - LOCALIZACIÓN Y ACCESO ELECTRÓNICOS | |
| Identificador Uniforme de Recursos | <a href="http://www.columbia.edu/cgi-bin/cul/resolve?clio9309650">http://www.columbia.edu/cgi-bin/cul/resolve?clio9309650</a> |
| Materiales especificados | TOC |
| 910 ## - DATOS DE OPCIÓN DEL USUARIO (OCLC) | |
| Datos de opción del usuario | Supplied on B.O. |
| 948 1# - PROCESAMIENTO DE INFORMACIÓN LOCAL (OCLC); DESIGNADOR DE PARTE DE LA SERIE (RLIN) | |
| Designador de la parte de la serie, SPT (RLIN) | 20120314 |
| b (OCLC) | c |
| c (OCLC) | rhg9 |
| d (OCLC) | OSMC |
| 990 ## - EQUIVALENCIA O REFERENCIA-CRUZADA [LOCAL, CANADÁ] | |
| Enlace de información para campo correspondiente con campo 9XX | 50.00 EUR |
| Estatus retirado | Estado de pérdida | Fuente del sistema de clasificación o colocación | Estado de daño | No para préstamo | Biblioteca de origen | Biblioteca actual | Ubicación en estantería | Fecha de adquisición | Total de préstamos | Signatura topográfica completa | Código de barras | Visto por última vez | Precio de reemplazo | Tipo de ítem Koha |
|---|---|---|---|---|---|---|---|---|---|---|---|---|---|---|
| Clasificación Decimal Dewey | Biblioteca LadoV | Biblioteca LadoV | 08/12/2014 | 708 ST796I | 003966 | 08/12/2014 | 08/12/2014 | Material 01 |
